|
|
|
|
| LEADER |
01711cas a2200253 a 4500 |
| 001 |
AALejournalIMF008521 |
| 008 |
230101c9999 xx r poo 0 0eng d |
| 020 |
|
|
|c 5.00 USD
|
| 020 |
|
|
|z 9781455235094
|
| 022 |
|
|
|a 1934-76851
|
| 040 |
|
|
|a BD-DhAAL
|c BD-DhAAL
|
| 110 |
2 |
|
|a International Monetary Fund.
|
| 240 |
1 |
0 |
|a Togo: Cinquieme revue de l'accord triennal au titre de la facilite elargie de credit, demande de modification d'un critere de realisation et demande de prolongation de l'accord.
|l French
|
| 245 |
1 |
0 |
|a Togo :
|b Cinquieme revue de l'accord triennal au titre de la facilite elargie de credit, demande de modification d'un critere de realisation et demande de prolongation de l'accord.
|
| 264 |
|
1 |
|a Washington, D.C. :
|b International Monetary Fund,
|c 2011.
|
| 300 |
|
|
|a 1 online resource (56 pages)
|
| 490 |
1 |
|
|a IMF Staff Country Reports
|
| 500 |
|
|
|a <strong>Off-Campus Access:</strong> No User ID or Password Required
|
| 500 |
|
|
|a <strong>On-Campus Access:</strong> No User ID or Password Required
|
| 506 |
|
|
|a Electronic access restricted to authorized BRAC University faculty, staff and students
|
| 520 |
3 |
|
|a Depuis plusieurs annees, le FMI publie un nombre croissant de rapports et autres documents couvrant l'evolution et les tendances economiques et financieres dans les pays membres. Chaque rapport, redige par une equipe des services du FMI a la suite d'entretiens avec des representants des autorites, est publie avec l'accord du pays concerne.
|
| 538 |
|
|
|a Mode of access: Internet
|
| 830 |
|
0 |
|a IMF Staff Country Reports; Country Report ;
|v No. 2011/010
|
| 856 |
4 |
0 |
|z Full text available on IMF
|u http://elibrary.imf.org/view/journals/002/2011/010/002.2011.issue-010-fr.xml
|z IMF e-Library
|